LDS Apostles (2018) - Statistics

General Stats
  • This quiz has been taken 89 times
  • The average score is 13 of 15
Answer Stats
Hint Answer % Correct
April 7, 1984 Russell M. Nelson
97%
October 7, 2004 David A. Bednar
95%
June 23, 1994 Jeffrey R. Holland
92%
October 6, 1985 M. Russell Ballard
92%
April 7, 1984 Dallin H. Oaks
90%
March 31, 2018 Gerrit W. Gong
87%
April 1, 1995 Henry B. Eyring
87%
October 2, 2004 Dieter F. Uchtdorf
85%
April 5, 2008 D. Todd Christofferson
85%
October 3, 2015 Ronald A. Rasband
85%
October 3, 2015 Dale G. Renlund
82%
March 31, 2018 Ulisses Soares
82%
April 4, 2009 Neil L. Andersen
79%
October 3, 2015 Gary E. Stevenson
72%
October 6, 2007 Quentin L. Cook
69%
No matching quizzes found
Score Distribution
Percent of People with Each Score
Percentile by Number Answered
Your Score History
You have not taken this quiz